000 00782cam a2200253 4500
001 ABS67319
008 031219n2003 000 0 eng u
035 _a(Sirsi) u124657
245 _aFocus 1 update: West Midlands
260 _c2003
490 _aEstates Gazette
_v(0349) 6 December 2003, 57-69(8)
590 _aABS
650 _aWEST MIDLANDS
650 _aBIRMINGHAM
650 _aPROPERTY-COMMERCIAL PROPERTY-OFFICE PROPERTY-OFFICE PROPERTY MARKET
650 _aPROPERTY-COMMERCIAL PROPERTY-RETAIL PROPERTY-RETAIL PROPERTY MARKET
650 _aINDUSTRIAL MARKET
650 _aOFFICE TAKE-UP
650 _aAVAILABILITY
650 _aOCCUPIERS
650 _aSKILLS SHORTAGES
690 _aPROPERTY-COMMERCIAL PROPERTY-COMMERCIAL PROPERTY MARKET
942 _n0
999 _c73979
_d73979